书目信息 |
| 题名: |
噪声
|
|
| 作者: | 康纳 著 ;禾民 译 | |
| 分册: | ||
| 出版信息: | 北京 科学出版社 1982 |
|
| 页数: | 122页 | |
| 开本: | 19cm | |
| 丛书名: | 无线电技术与通信专题介绍丛书 | |
| 单 册: | ||
| 中图分类: | TN911.3 | |
| 科图分类: | ||
| 主题词: | 通信工程-噪声 , 通信理论 , 噪声-通信工程 | |
| 电子资源: | ||
| ISBN: | ||
| 000 | 00801nam2 2200289 45 | |
| 001 | 0182006826 | |
| 005 | 20051110142812.51 | |
| 010 | @dCNY0.52 | |
| 091 | @a15031.436 | |
| 100 | @a19950623d1982 em y0chiy0121 ea | |
| 101 | 1 | @achi@ceng |
| 102 | @aCN@b110000 | |
| 105 | @ay z 000yy | |
| 200 | 10 | @a噪声@Azao sheng@f(英)F·R·康纳著@F(ying)F·R·kang na zhu@g禾民译 |
| 210 | @a北京@c科学出版社@d1982 | |
| 215 | @a122页@d19cm | |
| 225 | 2 | @a无线电技术与通信专题介绍丛书 |
| 410 | 0 | @120010@a无线电技术与通信专题介绍丛书 |
| 606 | @a通信工程-噪声 | |
| 606 | 0 | @a通信理论 |
| 606 | @a噪声-通信工程 | |
| 690 | @aTN911.3 | |
| 701 | 0 | @a康纳@Akang na@4著 |
| 702 | 0 | @a禾民@Ahe min@4译 |
| 801 | 2 | @aCN@bNLC@c20051110 |
| 801 | 0 | @aCN@b上海图书馆@c20040517 |
| 905 | @f1@b147876@dTN911.3@e12 | |
| 噪声/(英)F·R·康纳著/禾民译.-北京:科学出版社,1982 |
| 122页;19cm.-(无线电技术与通信专题介绍丛书) |
| ISBN :CNY0.52 |
| ● |
| 相关链接 |
|
|
|
|
正题名:噪声
索取号:TN911.3/12
 
预约/预借
| 序号 | 登录号 | 条形码 | 馆藏地/架位号 | 状态 | 备注 |
| 1 | 0076893 | 202137767 | 密集书库/ [索取号:TN911.3/12] | 在馆 | |
| 2 | 0076894 | 202137721 | 密集书库/ [索取号:TN911.3/12] | 在馆 | |
| 3 | 0076895 | 202137357 | 密集书库/ [索取号:TN911.3/12] | 在馆 | |
| 4 | 0147875 | 202137311 | 密集书库/ [索取号:TN911.3/12] | 在馆 | |
| 5 | 0147876 | 001322875 | 第三借阅区/ [索取号:TN911.3/12] | 在馆 | |
| 6 | 0147877 | 202137277 | 密集书库/ [索取号:TN911.3/12] | 在馆 | |
| 7 | 0147878 | 202137231 | 密集书库/ [索取号:TN911.3/12] | 在馆 | |
| 8 | 0147879 | 202103302 | 第二样本阅览室/ [索取号:TN911.3/12] | 在馆 |